000 00652cam a2200229 4500
001 D15649
008 090401t1984 xxu||||| |||| 00| 0 eng d
035 _a(Sirsi) u24324
041 _aeng
050 _a711.1
090 _aRICS 1984/46ABC
110 _aRoyal Institution of Chartered Surveyors
_94900
245 4 _aThe making of planning agreements
260 _aLondon
_bSurveyors Publications
_c1984
300 _a14p. 30cm
350 _a0
490 _aRICS Planning and Development Guidance Note
_v7
520 _aFiled in box RICS 1984/46 ABCD
710 _aPlanning and Development Division
_9784
942 _n0
948 _c04/03/1997
999 _c88527
_d88527